ARRUPE JESUIT UNIVERSITY

CORONAVIRUS -STOP THE SPREAD - CLEAN,DISINFECT,COVER

The Splendour of the Preachers (Record no. 119265)

MARC details
000 -LEADER
fixed length control field 00430nam a22001337a 4500
008 - FIXED-LENGTH DATA ELEMENTS--GENERAL INFORMATION
fixed length control field 131213b xxu||||| |||| 00| 0 eng d
050 ## - LIBRARY OF CONGRESS CALL NUMBER
Classification number BV4211.2.M172 2011
100 ## - MAIN ENTRY--PERSONAL NAME
Personal name Macpherson, Duncan
9 (RLIN) 5711
245 ## - TITLE STATEMENT
Title The Splendour of the Preachers
Remainder of title New approaches to Liturgical Preaching
Statement of responsibility, etc Duncan Macpherson
260 ## - PUBLICATION, DISTRIBUTION, ETC. (IMPRINT)
Place of publication, distribution, etc London
Name of publisher, distributor, etc St. Pauls
Date of publication, distribution, etc 2011
300 ## - PHYSICAL DESCRIPTION
Extent 141p. ;
Dimensions 20cm.
650 ## - SUBJECT ADDED ENTRY--TOPICAL TERM
Topical term or geographic name as entry element Preaching
9 (RLIN) 5712
942 ## - ADDED ENTRY ELEMENTS (KOHA)
Source of classification or shelving scheme Library of Congress Classification
Item type Monograph ( Printed materials)
Koha issues (borrowed), all copies 2
Holdings
Withdrawn status Lost status Source of classification or shelving scheme Damaged status Not for loan Home library Current library Date acquired Total Checkouts Full call number Barcode Date last seen Date last borrowed Price effective from Koha item type
    Library of Congress Classification     ARRUPE LIBRARY ARRUPE LIBRARY 13/12/2013 2 BV4211.2.M172 2011 46411400 24/01/2017 08/10/2014 13/12/2013 Monograph ( Printed materials)

 

Arrupe Library. PO Box MP320 Mt Pleasant, Harare, Zimbabwe
263 242 745411|librarian@aju.ac.zw